| 000 | 00868nam a2200229 a 4500 | ||
|---|---|---|---|
| 001 | 63721 | ||
| 003 | BD-RjUL | ||
| 005 | 20211209081227.0 | ||
| 008 | 170202s2009 ii a|||| |||| 00| e ben d | ||
| 020 | _c: Tk. 100.00 | ||
| 035 | _a(BD-RjUL)63850 | ||
| 040 |
_aBD-RjUL _bben _cBD-RjUL _dBD-RjUL |
||
| 041 | _aben | ||
| 082 |
_223 _a891.444 _bAVI 2009 |
||
| 245 | 0 | 0 |
_aঅভিনেত্রী কথা / _cসংকলন ও সম্পাদনা দেবীপ্রসাদ ঘোষ |
| 260 |
_aকলকাতা : _bউর্বি প্রকাশন, _c২০০৯ |
||
| 300 |
_a১২০ পৃ. : _bচিত্র ; _c২৩ সেমি. |
||
| 650 |
_aবাংলা প্রবন্ধ _9170454 |
||
| 650 |
_aBengali Essays _9170481 |
||
| 700 |
_aঘোষ, দেবীপ্রসাদ, সম্পাদক _9186490 |
||
| 942 |
_2ddc _cBK |
||
| 999 |
_c63721 _d63721 |
||